Statistics for Cities of Greater Vancouver

Click here to take the quiz!

General Stats

  • This quiz has been taken 116 times
  • The average score is 16 of 23

Answer Stats

City % Correct
Vancouver
98%
Burnaby
96%
North Vancouver (City)
95%
North Vancouver (District)
95%
Surrey
92%
Richmond
90%
West Vancouver
90%
Delta
87%
Port Coquitlam
82%
Coquitlam
81%
Langley City
80%
Langley District
80%
New Westminster
78%
University of British Columbia
70%
Port Moody
64%
White Rock
62%
Maple Ridge
55%
Bowen Island
52%
Pitt Meadows
49%
Belcarra
41%
Anmore
36%
Lion's Bay
34%
Electoral District A
21%

Score Distribution

Percentile by Number Answered

Percent of People with Each Score

Your Score History

You have not taken this quiz